书目信息 |
| 题名: |
新编党务工作全书
|
|
| 作者: | 张蔚萍 主编 | |
| 分册: | ||
| 出版信息: | 北京 1995.10 |
|
| 页数: | 1807页 | |
| 开本: | 16开 | |
| 丛书名: | ||
| 单 册: | ||
| 中图分类: | D262.2 | |
| 科图分类: | ||
| 主题词: | 中国共产党 | |
| 电子资源: | ||
| ISBN: | 7-80128-003-2 | |
| 000 | 00547nam0 2200193 45 | |
| 001 | 0106151083 | |
| 005 | 20010615103430.6 | |
| 010 | @a7-80128-003-2@d258.00元 | |
| 100 | @a20010615d1995 km y0chiy0120 ea | |
| 101 | 0 | @achi |
| 105 | @a z 000yy | |
| 200 | 1 | @a新编党务工作全书@AXin Bian Dang Wu Gong Zuo Quan Shu@f张蔚萍主编@FZhang Wei Ping Zhu Bian |
| 210 | @a北京@d1995.10 | |
| 215 | @a1807页@d16开 | |
| 606 | 0 | @a中国共产党 |
| 690 | @aD262.2@v3 | |
| 701 | 0 | @a张蔚萍@4主编 |
| 801 | @aCN@bPftUser@c20010615 | |
| 905 | @f1@b347948@dD262.2@eZH697 | |
| 新编党务工作全书/张蔚萍主编.-北京,1995.10 |
| 1807页;16开 |
| ISBN 7-80128-003-2:258.00元 |
| ● |
| 相关链接 |
|
|
|
正题名:新编党务工作全书
索取号:D262.2/ZH697
 
预约/预借
| 序号 | 登录号 | 条形码 | 馆藏地/架位号 | 状态 | 备注 |
| 1 | 347948 | 203479486 | 社科库509/509社科库 69排6列2层/ [索取号:D262.2/ZH697] | 在馆 |